PRINCIPLES AND PRACTICE OF CONSUMER CRED (Record no. 7580)

MARC details
000 -LEADER
fixed length control field 00396nam a2200145Ia 4500
008 - FIXED-LENGTH DATA ELEMENTS--GENERAL INFORMATION
fixed length control field 240624s9999 xx 000 0 und d
041 ## - LANGUAGE CODE
Language code of text/sound track or separate title eng
082 ## - DEWEY DECIMAL CLASSIFICATION NUMBER
Classification number 658.155 MCN
100 ## - MAIN ENTRY--PERSONAL NAME
Personal name MCNAB HELEN
245 ## - TITLE STATEMENT
Title PRINCIPLES AND PRACTICE OF CONSUMER CRED
250 ## - EDITION STATEMENT
Edition statement (2nd ed.)
260 ## - PUBLICATION, DISTRIBUTION, ETC.
Date of publication, distribution, etc. 2003
Place of publication, distribution, etc. Centerbury
Name of publisher, distributor, etc. Institute of Financial Services
300 ## - PHYSICAL DESCRIPTION
Extent x, : 313 : p. : cm. ; 23
365 ## - TRADE PRICE
Currency code BPS
Price amount 35
Holdings
Withdrawn status Lost status Damaged status Not for loan Home library Current library Shelving location Date acquired Source of acquisition Cost, normal purchase price Full call number Barcode Date last seen Copy number Price effective from Koha item type
        IMTN IMTN Rack 25-B 11/30/2007 BU 25.00 658.155 MCN 7580 06/24/2024 80.52 06/24/2024 Books
Designed & Maintained by: LRC IMT Nagpur Contact: lrc@imtnag.ac.in© 2024. All Rights Reserved.